| 000 | 00546nam a2200169 a 4500 | ||
|---|---|---|---|
| 001 | 000024776 | ||
| 005 | 20200930023349.0 | ||
| 008 | 110204s19uu dr a 000 0 spa d | ||
| 040 |
_aDO-SdBNP _bspa _cBNPHU |
||
| 082 |
_a570 _bR696m |
||
| 100 | 1 |
_aRodríguez, Milagros _950859 |
|
| 245 | 1 | 0 |
_aManual de prácticas de biología general / _cMilagros Rodríguez, Zoila González. |
| 260 |
_aSanto Domingo : _bUniversidad Iberoamericana (UNIBE), _c[19--?]. |
||
| 300 |
_a116 P. : _bil. ; _c29 cm. |
||
| 700 | 1 |
_aGónzalez, Zoila _950860 |
|
| 049 | _aBNPD | ||
| 999 |
_c24269 _d24269 |
||